=LDR 00000nam 2200000 4500 =001 INLIS000000000036302 =005 20130612142110 =008 ***********************************Ind** =035 ##$$0010-061300000036302 =041 ##$$a Ind =082 ##$$a 813 =090 ##$$a 813, Jan f =100 ##$$a Janis, Kanti W =245 ##$$a Frans dan sang balerina, Kanti W Jamis =260 ##$$a 2010 $b Jakarta =300 ##$$a 311 hlm, ilus, 21 cm =650 ##$$a Fiksi Indonesia =850 ##$$a NBPNMAT =990 ##$$a 0001/BPAP-NTB/20142015